Quizzes
Events
Quiz Creation
Community
Videos
Private Events
Remove Ads
Sign In
Join for FREE
Feedback
Dark Mode
Quiz Categories
Sports
Geography
Music
Movies
Television
Just For Fun
Miscellaneous
History
Literature
Language
Science
Gaming
Entertainment
Religion
Holiday
For Kids
Quiz Lab
Recent
Popular Today
Quiz Kudos Today
Editor Picks
Curator Picks
Quizzes by...
Day
Popularity
Type
Ratings
Length
Year
Community
Subscriptions
Recent Discussions
Orange Saloon
Badges
Playlists
Quests
Create
Leaderboards
Showdown
Live 5
Trivia Bingo
Activity
Puzzle Library
Sporcle Events
Private Events
Virtual Trivia
Globe League
Become a Host
Pub Owners
SporcleCon
Opinionation
Our Games
Videos
Blog
Mobile Apps
Partnerships
Remove Ads and Go Orange
Feedback
History
US Presidents
World Leaders
Politics
Nation
Discovery
War
Decade
Year
Century
Biography
Art
History
US Presidents
World Leaders
Politics
Nation
Discovery
War
Decade
Year
Century
Biography
Art
Random Quiz
Search Sporcle
×
Curator Pick
Curator Pick
History
United States
Type in answers that appear in a list
Type in answers that appear in a list
Classic
Best Score? Go Orange.
US History by Decade Stats
Can you name the decade these events occurred in?
By
ZeroDivider
5m
45 Questions
1,244 Plays
1,244 Plays
1,244 Plays
Comments
Comments
Give Quiz Kudos
Give Quiz Kudos
-
- Ratings
hide this ad
Forced Order
Answers have to be entered in order
Answers have to be entered in order
Random Order
Randomize order of answers
Randomize order of answers
Replay
Link that replays current quiz
Next Quiz
Link to next quiz in quiz playlist
You Got
0%
They Got
Avg Score
71%
Avg Friend Score
Upgrade to see
Score Distribution
Jump to the score distribution portion of the page
Score
0/45
Timer
05:00
0
Plays Today
Event
Decade
% Correct
Osama bin Laden killed
2010
87.8%
Japan attacks Pearl Harbor
1940
87.1%
Bill Clinton impeached
1990
86.3%
Hurricane Katrina
2000
86%
Nixon resigns
1970
85.5%
George H.W. Bush elected
1980
85.4%
'Black Tuesday' starts Great Depression
1920
85.1%
Korean War
1950
84.5%
Women get right to vote
1920
84.4%
Prohibition ends
1930
83.8%
American Revolution ends
1780
83%
Bay of Pigs invasion
1960
81.8%
Al Capone begins gang warfare
1920
81.1%
Wright Brothers' first flight
1900
80.9%
FDR issues Executive Order 9066
1940
80.3%
California Gold Rush begins
1840
80.2%
Gulf War begins
1990
79.7%
Lusitania sinks
1910
78.3%
Treaty of Versailles signed
1910
75.6%
Hindenburg disaster
1930
75.2%
Sandra Day O'Connor becomes Supreme Court Justice
1980
74.7%
Andrew Johnson impeached
1860
74.6%
First Super Bowl takes place
1960
74.4%
Event
Decade
% Correct
Spanish American War
1890
73.5%
Construction of Panama Canal begins
1900
72.3%
KKK formed
1860
71.9%
Garfield assassinated
1880
71.8%
Explorer 1 satellite launched into space
1950
71.5%
Battle at Antietam
1860
71.4%
Edison invents lightbulb
1870
69.7%
Mexican American War
1840
69.3%
Three Mile Island Incident
1970
68%
John Scopes convicted in 'Monkey Trial'
1920
67.5%
First transcontinental railroad completed
1860
67%
Battle of the Little Bighorn
1870
67%
Republican Party formed
1850
65.1%
'Bull Moose' party forms
1910
61.5%
Sherman Antitrust
1890
54.3%
Yellowstone National Park established
1870
53.6%
Era of Good Feelings
1810
49.6%
Log Cabin Campaign
1840
43.8%
Homestead Strike
1890
43%
Embargo Act
1800
41.4%
Credit Mobilier scandal
1870
36.7%
Tariff of Abominations
1820
35.8%
Quiz Playlist
Details
Report
Send in Message
Add To Playlist
Classic:
Type in answers that appear in a list
Forced Order:
Answers have to be entered in order
Random Order:
Randomize order of answers
Last Updated: Feb 16, 2017
Curator Pick in
Decade
Quiz Scoreboard
CHALLENGE
Sign Up to Join the Scoreboard
Show All
Scores
Hide
Comments
May contain spoilers
Recently Published
9x9 Crossword: Cartoon Network
by jackfrog10
Miscellaneous
3m
College Basketball Coaching Resumes
by pancakes188
Sports
9m
Billboard Blitz: Fleetwood Mac
by CooCooCachoo
Music
15s
More to Explore
Quiz From the Vault
Featured Blog Post
Where Did the Easter Bunny Come From?
hide this ad
You Might Also Like...
Tags
Decade Quiz
United States Quiz
War Quiz
America
American Leaders
Civil War
date
name
US History
War Battlefields
World War II
Today's Top Quizzes in History
Browse History
hide this ad
Today's Top Quizzes in United States
Browse United States
Top Contributed Quizzes in History
1
Popular People in 1991
2
Popular People in 1981
3
Popular People in 1951
4
Popular People in 1941
5
Popular People in 1986
6
Popular People in 1976
7
Popular People in 1921
8
5-to-1: 20th Century Images of War
9
I Am Born On March 28th
10
Popular People in 1946
Explore More
Trending Topics
Disney
Kpop
Marvel
Crossword
Anime
NBA
Harry Potter
NFL
Country
Puzzle
WWE
Song
The Office
Pokémon
Soccer
hide this ad
More By:
ZeroDivider
Quiz
Plays
Rating
Category
Featured
Created
US History by Decade
1,244
3.43
History
Mar 14, 2014
Go to Creator's Profile
Score Distribution
Quiz Creator Spotlight
ZeroDivider
Follow
Send a Message
Quizzes Created
-
Created Quiz Play Count
-
More By This Creator
Popular Quizzes Today
1
Find the US States - No Outlines Minefield
2
Find the Countries of Europe - No Outlines Minefield
3
The Countries of the World
4
Find the US States
5
Risky Map Clicking: Biggest States A-Z
6
US States
7
Popular People in 1961
8
Movies - When Are They Set?
More History Quizzes
On This Day: April 18th II
Published
Trending Quizzes
Risky Map Clicking: Least Populous States A-Z
1-10 Letter G Words
1-10 Letter F Words
Risky Map Clicking: Next State Alphabetically
Adjectives in 80s TV Shows
Recently Updated
Leaping Animals
pecheneg
Reality TV Shows (A-Z)
bhenderson79
Rickey Henderson's Hall of Fame Teammates
pecheneg
Champions League XIs: Arsenal
pecheneg
Quick Pick: Celebrities in WWE's Hall of Fame
aduchscher
A-Z Keypad Blitz II
pecheneg
Multiple Oscar Actors
pecheneg
Mystery Phrase Blitz: Oscar 'Best Actors'
pecheneg
F. Scott Fitzgerald Novels
LTH
Pick 3 Villains
ddd62291
Trending Topics
Harry Potter
NBA
Anime
Disney
Crossword
Kpop
Marvel
Puzzle
Song
Soccer
The Office
Pokémon
WWE
NFL
Country
Your Account Isn't Verified!
In order to create a playlist on Sporcle, you need to verify the email address you used during registration. Go to your
Sporcle Settings
to finish the process.
Report this User
Report this user for behavior that violates our
Community Guidelines
.
Details:
Send Report
Go to the Sporcle.com Mobile Site →
Comments